000
00259nam a22001097a 4500
005
20230724123504.0
008
230724b |||||||| |||| 00| 0 eng d
245
_a
COMPETITION SUCCESS REVIEW
260
_c
2023
650
_a
MONTHLY MAGAZINE
_9
7860
942
_c
JRL
999
_c
8325
_d
8323